000
00214 a2200109 4500
020
_a
9780945448358
041
_a
eng
100
_a
American Diabetes
245
_a
The take charge guide
942
_c
BK
952
_7
1
999
_c
18893
_d
18893